[Event "TUR Cup"]
[Site "Denizli"]
[Date "2023.07.17"]
[Round "2"]
[White "Selen, Dincer"]
[Black "Aksu, Savas"]
[Result "1/2-1/2"]
[WhiteElo "2002"]
[BlackElo "1546"]
[PlyCount "112"]
[EventDate "2023.07.16"]
[EventType "team-tourn"]
[EventRounds "9"]
[EventCountry "TUR"]
[SourceTitle "CBM 215 Extra"]
[Source "ChessBase"]
[SourceDate "2023.09.30"]
[SourceVersion "1"]
[SourceVersionDate "2023.09.30"]
[SourceQuality "1"]

1. e4 c6 2. d4 d5 3. Nd2 e6 4. Ngf3 Nf6 5. e5 Nfd7 6. c3 c5 7. Be2 Nc6 8. 0-0 Be7 9. a3 0-0 10. b4 cxd4 11. cxd4 f6 12. exf6 Bxf6 13. Bb2 Nb6 14. Re1 Qd6 15. Bf1 Bd7 16. Rc1 Rae8 17. b5 Nb8 18. Qb3 Rc8 19. Rxc8 Rxc8 20. a4 Be7 21. a5 Na8 22. Re3 Qb4 23. Rc3 Qxa5 24. Rxc8+ Bxc8 25. Qe3 Qc7 26. Bd3 Nb6 27. Ne5 Bf6 28. Qh3 g6 29. Ng4 Bg7 30. Qe3 Qe7 31. Nf3 N8d7 32. h4 Nc4 33. Bxc4 dxc4 34. Ba3 Qf7 35. Ng5 Qf5 36. Qxe6+ Qxe6 37. Nxe6 Nb6 38. Nxg7 Bxg4 39. Ne8 Nd5 40. Nd6 c3 41. Nxb7 c2 42. Nc5 Be2 43. Nb3 Bxb5 44. f3 Kf7 45. Kf2 Ke6 46. Ke1 Ne3 47. Kf2 Nc4 48. Bc1 a5 49. Ke1 a4 50. Na1 Kd5 51. Nxc2 Nd6 52. Kd2 Nf5 53. Ne3+ Kxd4 54. Bb2+ Kc5 55. Ba3+ Kc6 56. Nxf5 Kd5 1/2-1/2

[Event "TUR-chT Clubs"]
[Site "Konya"]
[Date "2019.07.18"]
[Round "5.15"]
[White "Aksu, Savas"]
[Black "Kandaz, Berat Efe"]
[Result "0-1"]
[WhiteElo "1638"]
[BlackElo "1310"]
[PlyCount "112"]
[EventDate "2019.07.16"]
[EventType "team-swiss"]
[EventRounds "9"]
[EventCountry "TUR"]
[SourceTitle "CBM 191 Extra"]
[Source "ChessBase"]
[SourceDate "2019.09.30"]
[SourceVersion "1"]
[SourceVersionDate "2019.09.30"]
[SourceQuality "1"]
[WhiteTeam "Edeler Gorme Engelliler"]
[BlackTeam "Duzce Siyah Beyaz"]
[WhiteTeamCountry "TUR"]
[BlackTeamCountry "TUR"]

1. e4 c5 2. Nf3 e6 3. c4 Nc6 4. Nc3 d6 5. d3 Nf6 6. Bg5 Be7 7. Be2 h6 8. Bh4 0-0 9. 0-0 a6 10. Rb1 Rb8 11. Bg3 Nh5 12. a3 Nxg3 13. hxg3 Bf6 14. Qd2 Qa5 15. g4 Nd4 16. Rfd1 Nxe2+ 17. Nxe2 Qxd2 18. Rxd2 e5 19. Nh2 Bg5 20. Rdd1 Bd7 21. Nc3 b5 22. b4 Rfc8 23. cxb5 axb5 24. Nd5 Be6 25. bxc5 Bxd5 26. exd5 Rxc5 27. d4 Rxd5 28. dxe5 Rxd1+ 29. Rxd1 dxe5 30. Nf3 Be7 31. Nxe5 Bxa3 32. Rb1 Bd6 33. Nc6 Re8 34. Kf1 b4 35. Rb3 Rc8 36. Nd4 Rc3 37. Rxc3 bxc3 38. f3 Be5 39. Nc2 Kh7 40. Ke2 Kg6 41. Ke3 Kg5 42. Ke4 f6 43. Ke3 f5 44. gxf5 Kxf5 45. g4+ Kg5 46. Ke4 Bf6 47. Ne3 Kh4 48. Kd3 Kg3 49. Ke2 Bg5 50. Nf5+ Kg2 51. Nd4 g6 52. Nc2 h5 53. gxh5 gxh5 54. Nd4 h4 55. Kd3 h3 56. f4 Bxf4 0-1

[Event "TUR-chT Clubs"]
[Site "Konya"]
[Date "2019.07.17"]
[Round "2.21"]
[White "Atabay, Kagan"]
[Black "Aksu, Savas"]
[Result "0-1"]
[WhiteElo "1509"]
[BlackElo "1638"]
[PlyCount "82"]
[EventDate "2019.07.16"]
[EventType "team-swiss"]
[EventRounds "9"]
[EventCountry "TUR"]
[SourceTitle "CBM 191 Extra"]
[Source "ChessBase"]
[SourceDate "2019.09.30"]
[SourceVersion "1"]
[SourceVersionDate "2019.09.30"]
[SourceQuality "1"]
[WhiteTeam "Akcakoca Palamut Bric"]
[BlackTeam "Edeler Gorme Engelliler"]
[WhiteTeamCountry "TUR"]
[BlackTeamCountry "TUR"]

1. e4 c6 2. Nc3 d5 3. Nf3 Bg4 4. h3 Bh5 5. g4 Bg6 6. exd5 cxd5 7. Bb5+ Nc6 8. Ne5 Qd6 9. Nxg6 hxg6 10. d4 a6 11. Ba4 b5 12. Bb3 e6 13. Be3 Nf6 14. Qe2 Be7 15. a3 Na5 16. Ba2 Rc8 17. f3 Nd7 18. Qd2 Bh4+ 19. Bf2 Nc4 20. Bxc4 Rxc4 21. Ne2 Qc7 22. c3 Nb6 23. Bxh4 Rxh4 24. Kf2 Rc6 25. b3 Kf8 26. Qg5 Rh6 27. Rac1 a5 28. h4 f6 29. Qe3 a4 30. bxa4 bxa4 31. Nf4 Kf7 32. Nd3 Nc4 33. Qe2 Nxa3 34. g5 Rh5 35. Nc5 Qf4 36. Qa2 Nc4 37. Qxa4 Rc7 38. Rce1 Rxh4 39. gxf6 Rh2+ 40. Rxh2 Qxh2+ 41. Kf1 Nd2# 0-1